Score 0/7 Timer 03:00
0 Plays Today
Question Answer Wrong Answers
Modern tube lighting utilizing this noble gas is first demonstrated by Georges Claude at the Paris Motor Show.
1910
Neon
92.5%
Helium
2.1%
Fluorine
3%
Radon
2.3%
Doctor Christiaan Barnard performs the world's first successful surgery of this type in Cape Town, South Africa.
1967
Heart Transplant
90.7%
Gastric Bypass
2.1%
Pacemaker Implantation
4.4%
Face Transplant
2.1%
An assassination attempt is made on this musician in Kingston, Jamaica, two days before his free concert there.
1976
Bob Marley
89.1%
Jimi Hendrix
4.2%
Bob Dylan
2.9%
John Lennon
2.5%
This holiday song, performed by charity supergroup 'Band Aid' and written by Bob Geldoff about famine in Ethiopia, is released worldwide.
1984
Do They Know It's Christmas?
85.6%
Christmas Lights
0.7%
What Christmas Means to Me
2.5%
My Only Wish (This Year)
9.6%
A Streetcar Named Desire, by this playwright, opens on Broadway.
1947
Tennessee Williams
83.4%
Harold Pinter
1%
Arthur Miller
12.4%
Samuel Beckett
3%
This Canadian American actor, known for roles in Encino Man and The Mummy, is born.
1968
Brendan Fraser
83.2%
Sean Astin
3.6%
John Cusack
10.3%
Joshua Jackson
1.9%
A test engineer for Sema Group sends the world's first instance of this form of communication.
1992
SMS Text Message
42.9%
E-Mail
48.3%
Video Conference
5.8%
IRC
1.3%
Remove Ads.
Support Sporcle.
Get the best of Sporcle when you Go Orange. This ad-free experience offers more features, more stats, and more fun while also helping to support Sporcle. Thank you for becoming a member.

You're not logged in!

Compare scores with friends on all Sporcle quizzes.
OR
Log In

Show Comments

Extras

Top Quizzes Today


Score Distribution

Your Account Isn't Verified!

In order to create a playlist on Sporcle, you need to verify the email address you used during registration. Go to your Sporcle Settings to finish the process.

Report this User

Report this user for behavior that violates our Community Guidelines.

Details: